000 01588cam a2200301 4500
001 ##L131807
008 051209n2005 000 0 eng u
020 _a0860176347
035 _a(Sirsi) u131807
041 0 _aeng
050 0 4 _a691.7 1123 $2 18
100 1 _aBreakell, J. E.
245 0 0 _aManagement of accelerated low water corrosion in steel maritime structures
260 _aLondon
_bCIRIA
_c2005
300 _a220p
_bill, tables, diagrams, maps
_c30cm
490 0 _aCIRIA
_v(C634)
505 2 _aIntroduction - background to ALWC - geographic distribution of ALWC - asset management for ALWC - condition appraisal - repair and protection - monitoring of performance of preventative, remedial and strengthening measures - ALWC project procurement and management - areas requiring further research - recommendations for good practice.
520 _aA comprehensive guide to the management, condition appraisal, repair, protection and monitoring of ALWC, an aggressive and localised form of low water corrosion that can occur in tidal and brackish waters on steel maritime structures. Based on a detailed review of published literature and infrastructure owners procedures, consultation with experts and practioners, and case studies demonstrating good practice.
650 2 4 _aACCELERATED LOW WATER CORROSION
690 _aBUILT ENVIRONMENT-BUILDING PATHOLOGY-DAMP AND WATER INGRESS-CORROSION
700 1 _aSiegwart, M.
700 1 _aFoster, K.
700 1 _aMarshall, D.
700 1 _aHodgson, M.
700 1 _aCottis, R.
700 1 _aLyon, S.
942 _n0
999 _c104844
_d104844